The native tourist : mass tourism within developing countries
| Other Authors: | |
|---|---|
| Format: | Book |
| Published: |
Sterling, VA :
Earthscan Publications ,
2001.
|
| Subjects: |
MARC
| LEADER | 00000cam a2200000 7i4500 | ||
|---|---|---|---|
| 001 | 0000003277 | ||
| 005 | 20050819.0 | ||
| 020 | 0 | 0 | |a 1853838039 |
| 090 | 0 | 0 | |a 338.4791091724 |b NAT |
| 245 | 1 | 0 | |a The native tourist : |b mass tourism within developing countries |c edited by Krishna B Ghimire. |
| 260 | 0 | 0 | |a Sterling, VA : |b Earthscan Publications , |c 2001. |
| 300 | |a xiii, 234 p. : |b ill. ; |c 24 cm. | ||
| 650 | 0 | 0 | |a Tourism |z Developing countries. |
| 700 | 1 | 1 | |a Ghimire, K. B. [ |q (Kléber Bertrand)] |
| 999 | |a 0000006220 |b Monograph |c Open Shelf |e Default branch | ||